[Event "Arco op 43rd"]
[Site "Arco"]
[Date "2021.10.14"]
[Round "6"]
[White "De Simone Sorrentino, Fabio"]
[Black "Cairo, Serge"]
[Result "0-1"]
[WhiteElo "1543"]
[BlackElo "1610"]
[PlyCount "47"]
[EventDate "2021.10.09"]
[EventType "swiss"]
[EventRounds "9"]
[EventCountry "ITA"]
[SourceTitle "CBM 204 Extra"]
[Source "ChessBase"]
[SourceDate "2021.11.30"]
[SourceVersion "1"]
[SourceVersionDate "2021.11.30"]
[SourceQuality "1"]

1. e4 Nc6 2. d4 e5 3. Nf3 exd4 4. Nxd4 Bc5 5. Nxc6 bxc6 6. Bd3 d5 7. 0-0 Ne7 8. Nc3 0-0 9. Qf3 Be6 10. Bf4 Ng6 11. Bg3 Rb8 12. Na4 Bd6 13. Bxd6 Qxd6 14. Qe3 Ne5 15. b3 d4 16. Qe2 f5 17. exf5 Bxf5 18. Bxf5 Rxf5 19. Nb2 Qg6 20. f4 Ng4 21. Rf3 Re8 22. Qc4+ Rd5 23. Raf1 Ne3 24. Qd3 0-1

[Event "Arco op 43rd"]
[Site "Arco"]
[Date "2021.10.11"]
[Round "3"]
[White "Cairo, Serge"]
[Black "Klings, Peter"]
[Result "1/2-1/2"]
[WhiteElo "1610"]
[BlackElo "2158"]
[PlyCount "73"]
[EventDate "2021.10.09"]
[EventType "swiss"]
[EventRounds "9"]
[EventCountry "ITA"]
[SourceTitle "CBM 204 Extra"]
[Source "ChessBase"]
[SourceDate "2021.11.30"]
[SourceVersion "1"]
[SourceVersionDate "2021.11.30"]
[SourceQuality "1"]

1. d4 Nf6 2. c4 c5 3. d5 b5 4. cxb5 a6 5. bxa6 g6 6. Nc3 Bxa6 7. e4 Bxf1 8. Kxf1 d6 9. Nge2 Bg7 10. h3 0-0 11. Kg1 Qa5 12. Kh2 Na6 13. Rb1 Nd7 14. a3 Rfb8 15. Qc2 Qb6 16. Bg5 Kf8 17. f4 Qb3 18. Qd3 Ra7 19. Rhd1 Qb6 20. Bh4 Rab7 21. Bg3 Qa5 22. Qc2 Nc7 23. e5 dxe5 24. d6 Ne6 25. dxe7+ Kxe7 26. Nd5+ Kf8 27. fxe5 Re8 28. Qe4 Rb3 29. Ndc3 Qc7 30. Qc4 Rbb8 31. Nd5 Qc6 32. Nf6 Re7 33. Nxh7+ Kg8 34. Nf6+ Kf8 35. Nh7+ Kg8 36. Nf6+ Kf8 37. Nh7+ 1/2-1/2

[Event "Alassio West End op 2nd"]
[Site "Alassio"]
[Date "2016.10.02"]
[Round "4"]
[White "Abd El Gawad, Shaban"]
[Black "Cairo, Serge"]
[Result "1/2-1/2"]
[WhiteElo "2019"]
[BlackElo "1765"]
[PlyCount "64"]
[EventDate "2016.09.30"]
[EventType "swiss"]
[EventRounds "5"]
[EventCountry "ITA"]
[SourceTitle "EXT 2018"]
[Source "ChessBase"]
[SourceDate "2017.10.13"]
[SourceVersion "1"]
[SourceVersionDate "2017.10.13"]
[SourceQuality "1"]

1. d4 d6 2. Nf3 Nf6 3. c4 Nc6 4. Nc3 e5 5. d5 Nb8 6. e4 g6 7. Bg5 Bg7 8. Qd2 Nbd7 9. Bd3 h6 10. Bh4 g5 11. Bg3 a6 12. h3 Nf8 13. Rb1 Ng6 14. b4 Nh5 15. Bh2 Nhf4 16. Bf1 f5 17. Rc1 fxe4 18. Nxe4 Bf5 19. Qe3 0-0 20. Bg1 c6 21. dxc6 bxc6 22. g3 Ne6 23. c5 d5 24. Nd6 Nd4 25. Nxd4 exd4 26. Qd2 Ra7 27. Nxf5 Rxf5 28. Bd3 Ne5 29. Kf1 Rf8 30. Be2 Nf3 31. Qd3 Raf7 32. Kg2 Ne5 1/2-1/2

[Event "Maastricht Limburg op-B 6th"]
[Site "Maastricht"]
[Date "2012.05.26"]
[Round "2"]
[White "Uckerman, John"]
[Black "Cairo, Serge"]
[Result "1-0"]
[WhiteElo "1762"]
[BlackElo "1829"]
[PlyCount "55"]
[EventDate "2012.05.25"]
[EventType "swiss"]
[EventRounds "7"]
[EventCountry "NED"]
[SourceTitle "EXT 2013"]
[Source "ChessBase"]
[SourceDate "2012.11.22"]
[SourceVersion "1"]
[SourceVersionDate "2012.11.22"]
[SourceQuality "1"]

1. e4 d6 2. d4 Nf6 3. Nc3 Nbd7 4. a3 e5 5. d5 Be7 6. Be3 c6 7. Be2 cxd5 8. exd5 0-0 9. Qd2 a6 10. 0-0-0 b5 11. Kb1 Rb8 12. g4 b4 13. axb4 Rxb4 14. g5 Ne8 15. Na2 Rb8 16. Nb4 Rxb4 17. Qxb4 Bxg5 18. Nf3 Be7 19. Rhg1 f5 20. Ng5 Nc5 21. h4 a5 22. Qb8 Nc7 23. Bxc5 dxc5 24. d6 Bxg5 25. dxc7 Qe7 26. hxg5 Bd7 27. Bc4+ Kh8 28. Rxd7 1-0